Normal view
MARC view
- المركز الإقليمي لتدريب القيادات التربوية في البلاد العربية؛ ترجمة مركز اليونسكو الإقليمي في البلاد العربية
Entry Personal Name
001 - CONTROL NUMBER
- control field: 37096
003 - CONTROL NUMBER IDENTIFIER
- control field: JO-AjAnu
005 - DATE AND TIME OF LATEST TRANSACTION
- control field: 20230606080205.0
008 - FIXED-LENGTH DATA ELEMENTS
- fixed length control field: 230606|| aca||aabn | a|a d
040 ## - CATALOGING SOURCE
- Original cataloging agency: JO-AjAnu
- Transcribing agency: JO-AjAnu
100 ## - HEADING--PERSONAL NAME
- Personal name: المركز الإقليمي لتدريب القيادات التربوية في البلاد العربية؛ ترجمة مركز اليونسكو الإقليمي في البلاد العربية
670 ## - SOURCE DATA FOUND
- Source citation: Work cat.: (JO-AjAnu)19038: المركز الإقليمي لتدريب القيادات التربوية في البلاد العربية؛ ترجمة مركز اليونسكو الإقليمي في البلاد العربية, author, تدريب مربي المعلمين: من دراسات منظمة اليونسكو = The Training of teacher Educators: Educational Studies And Docments